000
00332 a2200157 4500
001
190457
020
_a
978-0-19-846695-6
040
_c
Magnum
100
_a
Donaldson, Julia
240
1
0
_a
Sue kangaroo
_l
ING
245
1
0
_a
Sue kangaroo
300
_a
24
362
0
_a
2008
697
_a
LITERATURA INFANTIL INGLESA
942
_c
BK
999
_c
190457
_d
190457